Giáo trình nguyên lý hệ quản trị cơ sở dữ liệu

Giáo trình này hướng đến độc giả chính là sinh viên ngành Công nghệ thông tin. Ngoài ra, giáo trình có thể là tài liệu tham khảo cho sinh viên đại học và cao học các ngành Hệ thống thông tin, Mạng máy tính và truyền thông dữ liệu, Quản trị thư...

全面介紹

Đã lưu trong:
書目詳細資料
主要作者: Trần, Công Án
格式: 圖書
語言:Undetermined
出版: Cần Thơ Nxb. Đại học Cần Thơ 2020
主題:
標簽: 添加標簽
沒有標簽, 成為第一個標記此記錄!
Thư viện lưu trữ: Trung tâm Học liệu Trường Đại học Cần Thơ
LEADER 01240nam a2200193Ia 4500
001 CTU_239263
008 210402s9999 xx 000 0 und d
082 |a 005.7 
082 |b A105 
100 |a Trần, Công Án 
245 0 |a Giáo trình nguyên lý hệ quản trị cơ sở dữ liệu 
245 0 |c Trần Công Án (chủ biên), Phạm Thế Phi, Nguyễn Thanh Hải, Thái Minh Tuấn 
260 |a Cần Thơ 
260 |b Nxb. Đại học Cần Thơ 
260 |c 2020 
520 |a Giáo trình này hướng đến độc giả chính là sinh viên ngành Công nghệ thông tin. Ngoài ra, giáo trình có thể là tài liệu tham khảo cho sinh viên đại học và cao học các ngành Hệ thống thông tin, Mạng máy tính và truyền thông dữ liệu, Quản trị thư viện. Nội dung của giáo trình sẽ đi sâu vào các kỹ thuật nền tảng trong việc xây dựng các hệ quản trị cơ sở dữ liệu. 
650 |a Quản trị cơ sở dữ liệu,Database management 
910 |a Tuyến 
980 |a Trung tâm Học liệu Trường Đại học Cần Thơ